[Event "NATO-ch 19th"]
[Site "Brussels"]
[Date "2008.08.04"]
[Round "1"]
[White "Carrelli, Donald Anthony"]
[Black "Sanchez Garcia, Aurelio"]
[Result "1-0"]
[WhiteElo "1704"]
[BlackElo "2130"]
[PlyCount "67"]
[EventDate "2008.08.04"]
[EventType "swiss"]
[EventRounds "7"]
[EventCountry "BEL"]
[SourceTitle "EXT 2015"]
[Source "ChessBase"]
[SourceDate "2014.11.20"]
[SourceVersion "1"]
[SourceVersionDate "2014.11.20"]
[SourceQuality "1"]

1. f4 d5 2. Nf3 Bg4 3. e3 Nd7 4. h3 Bxf3 5. Qxf3 c6 6. d4 Ngf6 7. Bd3 e6 8. Nd2 Bd6 9. c4 0-0 10. g4 Ne8 11. g5 f5 12. gxf6 Ndxf6 13. c5 Be7 14. Rg1 b6 15. b4 a5 16. bxa5 bxc5 17. dxc5 Qxa5 18. Bb2 Bxc5 19. Ke2 Bd6 20. Bxf6 Nxf6 21. Qg3 Ra7 22. Nf3 c5 23. Ng5 c4 24. Bc2 Re8 25. Nxh7 Nxh7 26. Bxh7+ Kxh7 27. Qg6+ Kg8 28. Qxe8+ Bf8 29. Qxe6+ Rf7 30. Rg5 Qc3 31. Rd1 Bb4 32. Rgxd5 Qc2+ 33. Kf3 Qh2 34. Rd7 1-0